Tribhuvan University Central Library

Comprehensive chemistry (Record no. 97227)

MARC details
000 -LEADER
fixed length control field 00759nam a22002777a 4500
008 - FIXED-LENGTH DATA ELEMENTS--GENERAL INFORMATION
fixed length control field 201227b xxu||||| |||| 00| 0 eng d
020 ## - INTERNATIONAL STANDARD BOOK NUMBER
International Standard Book Number 9789937514156
082 ## - DEWEY DECIMAL CLASSIFICATION NUMBER
Classification number 540/W124c
100 ## - MAIN ENTRY--PERSONAL NAME
Personal name Wagle, Pradyumna.
245 ## - TITLE STATEMENT
Title Comprehensive chemistry
Remainder of title Part-2
260 ## - PUBLICATION, DISTRIBUTION, ETC.
Place of publication, distribution, etc. Kathmandu:
Name of publisher, distributor, etc. World wide Publication,
Date of publication, distribution, etc. 2067.B.S.
300 ## - PHYSICAL DESCRIPTION
Extent 737p. ; illus.
504 ## - BIBLIOGRAPHY, ETC. NOTE
Bibliography, etc. note Bibliography:p 737.
650 ## - SUBJECT ADDED ENTRY--TOPICAL TERM
Topical term or geographic name entry element Science
650 ## - SUBJECT ADDED ENTRY--TOPICAL TERM
Topical term or geographic name entry element Chemistry
650 ## - SUBJECT ADDED ENTRY--TOPICAL TERM
Topical term or geographic name entry element metals
9 (RLIN) 7476
650 ## - SUBJECT ADDED ENTRY--TOPICAL TERM
Topical term or geographic name entry element Chemical thermodynamics
700 ## - ADDED ENTRY--PERSONAL NAME
Personal name Khadka, Nagendra Mani.
700 ## - ADDED ENTRY--PERSONAL NAME
Personal name Lama, Prakash c.
700 ## - ADDED ENTRY--PERSONAL NAME
Personal name Sharma, Ram K.
700 ## - ADDED ENTRY--PERSONAL NAME
Personal name Pant, Manju.
700 ## - ADDED ENTRY--PERSONAL NAME
Personal name Bhattarai, Bhoj Raj.
700 ## - ADDED ENTRY--PERSONAL NAME
Personal name Gautam, Shreedhar.
700 ## - ADDED ENTRY--PERSONAL NAME
Personal name Adhikarim,Nabraj.
942 ## - ADDED ENTRY ELEMENTS (KOHA)
Source of classification or shelving scheme Dewey Decimal Classification
Koha item type ISBN
Holdings
Withdrawn status Lost status Source of classification or shelving scheme Damaged status Not for loan Home library Current library Date acquired Total Checkouts Full call number Barcode Date last seen Price effective from Koha item type
    Dewey Decimal Classification     Tribhuvan University Central Library Tribhuvan University Central Library 12/27/2020   540/W124c IS8859 12/27/2020 12/27/2020 ISBN